Southville International School and Colleges
Your cart is empty.
  • Cart
  • Lists
    Public lists Eva Luna New books Lux_list list_1
    Your lists Log in to create your own lists
  • Log in to your account
  • Your cookies
  • Search history
Southville International School and Colleges
  • Advanced search
  • Recent comments
  • Most popular
  • Libraries

Log in to your account

Log in with GOOGLE


If you do not have an external account, but do have a local account, you can still log in:

  1. Home
  2. MARC view: Œuvres de P. Corneille, Tome 03
Normal view MARC view ISBD view

Œuvres de P. Corneille, Tome 03 (Record no. 265266)

[ view plain ]
MARC details
000 -LEADER
fixed length control field 00810cam a22002533a 4500
001 - CONTROL NUMBER
control field 36011
003 - CONTROL NUMBER IDENTIFIER
control field PGUSA
005 - DATE AND TIME OF LATEST TRANSACTION
control field 20140828083756.0
008 - FIXED-LENGTH DATA ELEMENTS--GENERAL INFORMATION
fixed length control field 110501s2011||||xxu|||||s|||||000 | eng d
040 ## - CATALOGING SOURCE
Original cataloging agency PGUSA
Language of cataloging eng
042 ## - AUTHENTICATION CODE
Authentication code dc
050 #4 - LIBRARY OF CONGRESS CALL NUMBER
Classification number PQ
100 1# - MAIN ENTRY--PERSONAL NAME
Personal name Corneille, Pierre,
Dates associated with a name 1606-1684
245 10 - TITLE STATEMENT
Title Œuvres de P. Corneille, Tome 03
Medium [electronic resource] /
Statement of responsibility, etc Pierre Corneille
260 ## - PUBLICATION, DISTRIBUTION, ETC. (IMPRINT)
Name of publisher, distributor, etc Project Gutenberg,
Date of publication, distribution, etc 2011
505 0# - FORMATTED CONTENTS NOTE
Formatted contents note -- le Cid, tragédie -- -- Horace, tragédie -- -- Cinna, tragédie -- -- Polyeucte, martyr, tragédie
506 ## - RESTRICTIONS ON ACCESS NOTE
Terms governing access Public domain in the USA.
516 ## - TYPE OF COMPUTER FILE OR DATA NOTE
Type of computer file or data note Electronic text
653 ## - INDEX TERM--UNCONTROLLED
Uncontrolled term Théâtre
700 1# - ADDED ENTRY--PERSONAL NAME
Personal name Marty-Laveaux, Charles Joseph,
Dates associated with a name 1823-1899
830 #0 - SERIES ADDED ENTRY--UNIFORM TITLE
Uniform title Project Gutenberg
Volume number/sequential designation 36011
856 40 - ELECTRONIC LOCATION AND ACCESS
Uniform Resource Identifier <a href="http://www.gutenberg.org/ebooks/36011">http://www.gutenberg.org/ebooks/36011</a>
942 ## - ADDED ENTRY ELEMENTS (KOHA)
Koha item type eBooks
Holdings
Withdrawn status Lost status Damaged status Home library Current library Date acquired Total Checkouts Date last seen Price effective from Koha item type
      Project Gutenberg Project Gutenberg 08/28/2014   08/28/2014 08/28/2014 eBooks

Œuvres de P. Corneille, Tome 03

APA

Corneille P., Marty-Laveaux C. J., . (2011). Œuvres de P. Corneille, Tome 03. : Project Gutenberg.

Chicago

Corneille Pierre, Marty-Laveaux Charles Joseph, . 2011. Œuvres de P. Corneille, Tome 03. : Project Gutenberg.

Harvard

Corneille P., Marty-Laveaux C. J., . (2011). Œuvres de P. Corneille, Tome 03. : Project Gutenberg.

MLA

Corneille Pierre, Marty-Laveaux Charles Joseph, . Œuvres de P. Corneille, Tome 03. : Project Gutenberg. 2011.

  • Place hold
  • Print
  • Cite
  • Add to your cart (remove)
  • Save record
    BIBTEX Dublin Core MARCXML MARC (non-Unicode/MARC-8) MARC (Unicode/UTF-8) MARC (Unicode/UTF-8, Standard) MODS (XML) RIS
  • More searches
    Search for this title in:
    Other Libraries (WorldCat) Other Databases (Google Scholar) Online Stores (Bookfinder.com) Open Library (openlibrary.org)

Exporting to Dublin Core...

SOUTHVILLE LIBRARY

Southville International School and Colleges Library

1281 Tropical Ave. Cor. Luxembourg St., BF Homes International, Las Pinas City

Tel. No. 8256374 / 252358 Loc. 117/146

Powered by Koha